<?xml version="1.0" encoding="UTF-8"?>
<record
    xmlns:xsi="http://www.w3.org/2001/XMLSchema-instance"
    xsi:schemaLocation="http://www.loc.gov/MARC21/slim http://www.loc.gov/standards/marcxml/schema/MARC21slim.xsd"
    xmlns="http://www.loc.gov/MARC21/slim">

  <leader>02156nam a22002177a 4500</leader>
  <controlfield tag="003">OSt</controlfield>
  <controlfield tag="005">20220315100725.0</controlfield>
  <controlfield tag="008">120626t        xxu||||| |||| 00| 0 eng d</controlfield>
  <datafield tag="020" ind1=" " ind2=" ">
    <subfield code="a">1576760960</subfield>
  </datafield>
  <datafield tag="040" ind1=" " ind2=" ">
    <subfield code="c">LC</subfield>
  </datafield>
  <datafield tag="050" ind1=" " ind2=" ">
    <subfield code="a">QA76.73.J38.G53</subfield>
  </datafield>
  <datafield tag="100" ind1=" " ind2=" ">
    <subfield code="a">Gittleman, Art</subfield>
  </datafield>
  <datafield tag="245" ind1=" " ind2=" ">
    <subfield code="a">Advanced Java: internet applications. /</subfield>
    <subfield code="c">Art Gittleman</subfield>
  </datafield>
  <datafield tag="250" ind1=" " ind2=" ">
    <subfield code="a">2nd ed.</subfield>
  </datafield>
  <datafield tag="260" ind1=" " ind2=" ">
    <subfield code="a">El Granada, CA ; </subfield>
    <subfield code="b">Scott/Jones,</subfield>
    <subfield code="c">2002.</subfield>
  </datafield>
  <datafield tag="300" ind1=" " ind2=" ">
    <subfield code="a">xv, 694 p. :</subfield>
    <subfield code="b">ill. ;  </subfield>
    <subfield code="c">24 cm.  </subfield>
    <subfield code="e">1 CD-ROM (4 3/4 in.)</subfield>
  </datafield>
  <datafield tag="500" ind1=" " ind2=" ">
    <subfield code="a">Includes index.</subfield>
  </datafield>
  <datafield tag="505" ind1=" " ind2=" ">
    <subfield code="a">Contents: 1. Preliminaries, includes material, which may be postponed until needed in later chapters: exception handling, ( may be review) threads, and concurrent programming.2. Networking. 3. Java Database Connectivity contains a thorough guide to databases using Java.4. Servlets and JavaServer Pages, shows how to add functionality to a web server. 5. Swing, presents the Swing components for building graphical user interfaces. 6. Java ADO, provides the tools to make fabulous presentations incorporating text and graphics. 7. Internationalization, treats number, currency, date and time formatting, collation, localizing user interfaces, and message formatting. 8. Multimedia, covers animation and sound, and introduces the Java Media Framework. 9. Java Beans, covers JavaBeans, components that can be configured and combined using a visual application building tool. 10. Enterprise JavaBeans, treats the new and popular Enterprise JavaBeans, using the J2EE reference implementation from Sun. 11. Collections, covers collections, sets, lists, maps, and iterators 12. Security and the Java Virtual Machine, discusses the use of a security manager, policy files, and digital signatures. 13. XML includes SAX and DOM parsing, XSLT stylesheets, and the easy SOAP approach for web services. 14. Programming Mobile Devices, uses the Java 2 Micro Edition to program cell phone applications 15. Jini and JavaSpaces, provides simple examples to illustrate these innovative technologies. 16. JSP Tags 17. Messaging and Naming graphics and low-level events.</subfield>
  </datafield>
  <datafield tag="650" ind1=" " ind2=" ">
    <subfield code="a">Java (Computer program language) </subfield>
  </datafield>
  <datafield tag="942" ind1=" " ind2=" ">
    <subfield code="2">lcc</subfield>
    <subfield code="c">BK</subfield>
  </datafield>
  <datafield tag="999" ind1=" " ind2=" ">
    <subfield code="c">7449</subfield>
    <subfield code="d">14949</subfield>
  </datafield>
  <datafield tag="952" ind1=" " ind2=" ">
    <subfield code="0">0</subfield>
    <subfield code="1">0</subfield>
    <subfield code="2">lcc</subfield>
    <subfield code="4">0</subfield>
    <subfield code="7">0</subfield>
    <subfield code="a">WIUC-KL</subfield>
    <subfield code="b">WIUC-KL</subfield>
    <subfield code="c">GEN</subfield>
    <subfield code="d">2019-11-15</subfield>
    <subfield code="o">QA76.73.J38.G53(2e)</subfield>
    <subfield code="p">K/2407/2407/19</subfield>
    <subfield code="r">2020-07-07 00:00:00</subfield>
    <subfield code="w">2020-07-07</subfield>
    <subfield code="y">BK</subfield>
  </datafield>
</record>
